Album Covers by Letter - Q - Statistics

General Stats
  • This quiz has been taken 72 times
  • The average score is 3 of 16
Answer Stats
Picture Answer % Correct
Queen II - Queen
100%
The Queen is Dead - The Smiths
67%
Quebec - Ween
30%
Queen - Nicki Minaj
28%
Q: Are We Not DEVO? A: We Are DEVO! - Devo
24%
Quadrophenia - The Who
19%
Quatro - Suzi Quatro
12%
Queensrÿche - Queensrÿche
12%
Quavo Huncho - Quavo
10%
Quality - Talib Kweli
6%
Quartet - Ultravox
6%
Quik Is the Name - DJ Quik
6%
Queens of the Stone Age - Queens of the Stone Age
4%
Quality Control - Jurassic 5
3%
Quarters! - King Gizzard & The Lizard Wizard
3%
Quiet Nights - Miles Davis
1%
No matching quizzes found
Score Distribution
Percent of People with Each Score
Percentile by Number Answered
Your Score History
You have not taken this quiz